000 00584nam a2200229Ia 4500
005 20250425162744.0
008 250425s9999 xx 000 0 und d
020 _a0930972007
041 _aeng
082 _a622.3382
100 _aALLEN, THOMAS O.
245 0 _aPRODUCTION OPERATIONS (VOLUME 2)
250 _a1ST ED.
260 _aEstados Unidos
_bOIL & GAS CONSULTANTS INTERNATIONAL
_c1978
260 _aTULSA
300 _a231
650 _aPETROLEO-GEOLOGIA
650 _aSIMULACION DE YACIMIENTOS
700 _aROBERTS, ALAN P.
942 _c01
010 _a105742
999 _c235765
_d235765